000
00307cam a2200121ua 4500
082
_a
664
_b
SWA/HA
100
_a
Swaminathan, M .
_9
176
245
_a
Handbook of Food and Nutrition /
250
_a
5 /
260
_a
Bangalore :
_b
Bangalore printing&publishing Ltd ,
_c
2010
300
_a
372 ; .
942
_c
BK
999
_c
7065
_d
7065